Vedecké časopisy a ročenky Slovenskej akadémie vied

Bibliographic Details
Other Authors: Horváthová, Marcela, 1939- (Compiler)
Format: Book
Language:English
PhysicalDescription:136 s. 24x17 cm
Published: Bratislava Slovenská akadémia vied 1996
ISBN:809672505X
Edition:2. vyd.
Subjects:

MARC

LEADER 00000nam a2200000 a 4500
001 vtls001277661
003 SK-MaSNL
005 20260302032507.0
008 240226s1996 xo y eng
015 |a SNBX1996/0000130 
020 |a 809672505X  |c b.c. 
035 |a SNK000228933 
035 |a urn:nbn:sk:snk-amkg1h 
035 |a urn:nbn:sk:snk-am002ya8 
035 |a 009C273B-C760-4836-A82D-5F25FB71D7F9 
040 |a SNK  |b slo  |c SNK  |e AACR2 
041 0 |a eng 
044 |a xo  |c SK 
080 |a 05:061.12(437.6)SAV  |2 1981 
080 |a 061.12(437.6)SAV  |2 1981 
245 0 0 |a Vedecké časopisy a ročenky Slovenskej akadémie vied  |c spracovala: Marcela Horváthová 
246 1 0 |a The scientific periodicals and yearbooks of the Slovak Academy of Sciences 
250 |a 2. vyd. 
260 |a Bratislava  |b Slovenská akadémia vied  |c 1996 
300 |a 136 s.  |c 24x17 cm 
500 |a Súbež. tit. strana a text angl. 
504 |a Reg. názv., personálny, sek. prameňov a vydavateľov. Lit. 110 zázn. o čas. 
521 |a Len pre internú potrebu 
610 2 7 |a Slovenská akadémia vied  |2 SNK  |9 125200 
650 0 7 |a periodiká  |2 SNK  |9 1414 
655 7 |a bibliografie  |2 SNK  |9 28668 
700 1 |a Horváthová, Marcela,  |d 1939-  |4 com  |9 120931 
919 |a 80-967250-5-X 
958 |a TL 
958 |a SF 
999 |c 1056921  |d 1058851 
952 |t P60, <09>, [BOOK], {629}  |a SNK  |b SNK  |y NEVYP  |7 0  |0 0  |1 0  |4 0  |d 1997-02-28  |l 0  |r 2005-01-02 00:00:00  |w 2026-02-24 
952 |t P60, <03>, [BOOK], {603}  |a SNK  |b SNK  |y PREZ  |7 0  |p 17A0052122  |o snkSC 92530  |i snkKSP 2144/97  |0 0  |1 0  |4 0  |d 1997-02-28  |f 1  |l 0  |r 2025-09-11 00:00:00  |w 2026-02-24 
952 |t P60, <04>, [BOOK], {604}  |a SNK  |b SNK  |y VYP  |7 0  |p 17A0052123  |o snkSC 92530 D1  |i snkKSP 2145/97  |0 0  |1 0  |4 0  |d 1997-02-28  |l 0  |r 2005-01-02 00:00:00  |w 2026-02-24